000 00917nam a2200289Ia 4500
003 OSt
005 20221006155810.0
006 a|||||r|||| 00| 0
007 ta
008 221006b |||||||| |||| 00| 0 eng d
020 _a9780803981874
_c
_67.00
024 _a43,527
037 _b167/2012-13, 15/03/2013, Pioneer Book Distributors
_cTextual
040 _aEASL
_cEASL
_beng
041 _2eng
_aeng
082 _aY:1.1, N2
100 _aRobertson Roland
245 0 _aGlobalization
_b Social theory and global culture
260 _aLondon
_bSage Publication
_c1992
300 _a224p.
_ccm.
490 _aTheory Culture and Culture
650 _a Gen
650 _a Modernity - Postmodernity
_9670435
650 _aUniversalism - Particularism
_9670436
942 _hY:1.1, N2
_cTEXL
_2CC
999 _c1111613
_d1111613